000 01352cam a2200337 a 4500
001 3398692
003 OSt
005 20140512120456.0
008 890804s1990 dcua b 101 0 eng
010 _a 89019946
020 _a1559630035 (alk. paper) :
_c$34.95
020 _a1559630027 (pbk. : alk. paper) :
_c$19.95
040 _aDLC
_cDLC
_dDLC
043 _an-us---
050 0 0 _aHC103.7
_b.N29 1990
082 0 0 _a333.7/0973
_220
245 0 0 _aNatural resources for the 21st century /
_cedited by R. Neil Sampson and Dwight Hair.
260 _aWashington, D.C. :
_bIsland Press [in cooperation with] American Forestry Association,
_cc1990.
300 _axiv, 349 p. :
_bill. ;
_c24 cm.
500 _aPapers presented at a conference held in Washington, D.C., Nov. 14-17, 1988.
504 _aIncludes bibliographical references and index.
650 0 _aRenewable natural resources
_zUnited States
_xManagement
_xCongresses.
650 0 _aEnvironmental policy
_zUnited States
_xCongresses.
700 1 _aSampson, R. Neil.
700 1 _aHair, Dwight,
_d1921-
710 2 _aAmerican Forestry Association.
740 0 _aNatural resources for the twenty-first century.
856 4 2 _3Publisher description
_uhttp://www.loc.gov/catdir/enhancements/fy0666/89019946-d.html
906 _a7
_bcbc
_corignew
_d1
_eocip
_f19
_gy-gencatlg
942 _2lcc
_cGEN
999 _c247
_d247